000 00334nam a2200145 a 4500
008 021024s1973||||xx 0 und c
040 _aSNK
_bslo
_cSNK
_eAACR2
100 1 _aKobyľanská, Oľha
245 1 0 _aKráľovná
260 _aBratislava
_bSmena
_c1973
300 _a296 s.
044 _axo
_cSK
020 _c23
041 _aslo
999 _c12100
_d12100